Introduction to computer science (Record no. 14549)
[ view plain ]
| 000 -LEADER | |
|---|---|
| fixed length control field | 00432nam a22001577a 4500 |
| 003 - CONTROL NUMBER IDENTIFIER | |
| control field | URS |
| 005 - DATE AND TIME OF LATEST TRANSACTION | |
| control field | 20220114171714.0 |
| 008 - FIXED-LENGTH DATA ELEMENTS--GENERAL INFORMATION | |
| fixed length control field | 170329b xxu||||| |||| 00| 0 eng d |
| 020 ## - INTERNATIONAL STANDARD BOOK NUMBER | |
| International Standard Book Number | 971080006 |
| 050 ## - LIBRARY OF CONGRESS CALL NUMBER | |
| Classification number | QA76 |
| Item number | T6.Z82 1981 |
| 100 ## - MAIN ENTRY--PERSONAL NAME | |
| Personal name | Zwass, Vladimir |
| Relator code | author |
| 245 ## - TITLE STATEMENT | |
| Title | Introduction to computer science |
| Statement of responsibility, etc. | Vladimir Zwass |
| 260 ## - PUBLICATION, DISTRIBUTION, ETC. | |
| Place of publication, distribution, etc. | New York: |
| Name of publisher, distributor, etc. | Barnes and Noble, 1981 |
| 300 ## - PHYSICAL DESCRIPTION | |
| Extent | xiv, 268 pages; |
| Dimensions | 21 cm. |
| 942 ## - ADDED ENTRY ELEMENTS (KOHA) | |
| Koha item type | Foreign Books |
| Source of classification or shelving scheme | Library of Congress Classification |
| Withdrawn status | Source of classification or shelving scheme | Damaged status | Not for loan | Collection code | Home library | Current library | Shelving location | Date acquired | Total Checkouts | Full call number | Barcode | Date last seen | Price effective from | Koha item type |
|---|---|---|---|---|---|---|---|---|---|---|---|---|---|---|
| Library of Congress Classification | Non-fiction | Binangonan College Library | Binangonan College Library | Foreign Section | 06/07/2023 | QA76 T6.Z82 1981 | URSBIN-0259 | 05/02/2016 | 09/11/2019 | Foreign Books | ||||
| Library of Congress Classification | Binangonan College Library | Binangonan College Library | Foreign Section | 06/07/2023 | QA76 T6.Z82 1981 | URSBIN-01361 | 05/08/2017 | 05/08/2017 | Foreign Books |